| 000 | 00827nam a2200241 u 4500 | ||
|---|---|---|---|
| 005 | 20241203063743.0 | ||
| 008 | 120224s2006 mx r 000 0 spa d | ||
| 020 | _a9707185090 (10 dígitos) | ||
| 020 | _a9789707185098 (13 dígitos) | ||
| 035 | _aUPN01000183514 | ||
| 049 | _aI | ||
| 050 | 4 |
_aQE861.5 _bM3.3 |
|
| 100 | 1 |
_aMalam, John, _d1957- _933587 |
|
| 245 | 1 | 0 |
_aAtlas de dinosaurios / _cJohn Malam, John Woodward ; asesor Michael Benton ; tr. Pepe de Alba. |
| 260 |
_aMéxico : _bSilver Dolphin, _c2006. |
||
| 300 |
_a96 p. : _bil. col. + _e1 CD-ROM ; 4 3/4 plg. |
||
| 500 | _aSolicita el CD-ROM en el mostrador de préstamo | ||
| 534 |
_pTítulo original: _tDinosaur atlas |
||
| 650 | 4 |
_aDinosaurios _vLiteratura infantil _99370 |
|
| 700 | 1 |
_aWoodward, John, _ecoaut. |
|
| 905 | _aInfantil | ||
| 999 |
_c155617 _d155617 |
||